| 000 | 00674nam a2200205 a 4500 | ||
|---|---|---|---|
| 005 | 20230306101724.0 | ||
| 008 | 101020s1988 ea r 000 0 eng d | ||
| 020 | _a0300046944 | ||
| 035 | _aUPN01000178282 | ||
| 049 | _aCG | ||
| 050 | 4 |
_aHQ1075.5 U6 _bE6.3 |
|
| 100 | 1 |
_aEpstein, Cynthia Fuchs _930514 |
|
| 245 | 1 | 0 |
_aDeceptive distinctions : _bsex, gender, and the social order / _cCynthia Fuchs Epstein. |
| 260 |
_aNew York : _bThe Russell Sage Foundation, _c1988. |
||
| 300 | _a300 p. | ||
| 650 | 4 |
_aRol sexual _zEstados Unidos _916831 |
|
| 650 | 4 |
_aDiferencias sexuales (PsicologĂa) _912814 |
|
| 650 | 4 |
_aESTRUCTURA SOCIAL - _zESTADOS UNIDOS _914420 |
|
| 905 | _aLibro | ||
| 999 |
_c150385 _d150385 |
||